00640nam a2200181 a 450000100100000000500170001000800410002702000150006804000250008308200150010810000400012324500840016326000440024730000220029104900090031395201190032299900170044100002596520200930024205.0110224s1987 ve r 000 0 spa d a9806102169 aDO-SdBNPbspacBNPHU aNNNbC146e1 aCaldera, Rafael,c1916-2009.93547510aEspecificidad de la democracia cristiana /cRafael Antonio Caldera Rodríguez. aCaracas, (Venezuela) :b[s. n.],c1987. a146 p. ;c121 cm. aBNGR 001054708MOaGRbGRcCTd2011-02-24iLF1l0oNNN C146ep25965-10r2020-06-25w2020-06-25y4ZPréstamo en sala c25457d25457